Objective IELTS Audio CD Set Objective IELTS

Sparad:
Bibliografiska uppgifter
Huvudupphovsman: Black, Michael
Materialtyp: Okänd
Språk:English
Publicerad: Cambridge University Press 2006
Ämnen:
Taggar: Lägg till en tagg
Inga taggar, Lägg till första taggen!
Thư viện lưu trữ: Mạng thư viện Đại học Đà Nẵng
LEADER 00910na a2200253 4500
001 000031092
003 5414
005 20151001092426.0
008 151001s2006 000 eng
020 |a 9780521608770 
082 |a 420.4  |b BL-M  |2 Objective IELTS 
100 |a Black, Michael 
245 |a Objective IELTS Audio CD Set  |c Michael Black, Annette Capel  |n Objective IELTS 
260 |a Cambridge University Press  |c 2006 
650 |a Objective IELTS Audio CD Set, Objective, IELTS, 2006 
OWN |a LNN 
AVA |a UDN50  |b LNN  |d 420.4 BL-M  |e available  |t Error 5001 Not defined in file expand_doc_bib_avail.  |f 3  |g 0  |h N  |i 0  |k 1 
999 |a From the UDN01 
AVA |a UDN50  |b LNN  |d 420.4 BL-M  |e available  |t Error 5001 Not defined in file expand_doc_bib_avail.  |f 3  |g 0  |h N  |i 0  |k 1 
TYP |a Printed language 
980 |a Mạng thư viện Đại học Đà Nẵng